[Event "73rd Noteboom Mem"]
[Site "Leiden NED"]
[Date "2013.02.09"]
[Round "2.4"]
[White "Lenaerts,L"]
[Black "Ikonnikov,Vy"]
[Result "0-1"]
[WhiteElo "2080"]
[BlackElo "2537"]

1.c4 e5 2.g3 Nc6 3.Bg2 f5 4.Nc3 Nf6 5.d3 Bb4 6.Bd2 O-O 7.Nd5 Bxd2+ 8.Qxd2 d6
9.e3 Ne7 10.Nxf6+ Rxf6 11.Ne2 Qe8 12.d4 c6 13.f4 e4 14.Nc3 Be6 15.b3 Bf7
16.h3 d5 17.g4 dxc4 18.g5 Rd6 19.bxc4 Bxc4 20.Nxe4 fxe4 21.Qb4 Bd3 22.Qxd6 Nf5
23.Qe5 Qh5 24.Bf1 Qh4+ 25.Kd1 Nxe3+  0-1

[Event "73rd Noteboom Mem"]
[Site "Leiden NED"]
[Date "2013.02.09"]
[Round "3.15"]
[White "Bitalzadeh,A"]
[Black "Dijkhuis,Sven"]
[Result "1-0"]
[WhiteElo "2404"]
[BlackElo "1785"]

1.g3 e5 2.c4 Nf6 3.Bg2 Be7 4.Nc3 O-O 5.Nf3 d6 6.O-O c6 7.d4 exd4 8.Qxd4 h6
9.Rd1 Be6 10.e4 a6 11.Bf4 Ne8 12.c5 d5 13.exd5 cxd5 14.Bxb8 Rxb8 15.Nxd5 Bxd5
16.Qxd5 Qc8 17.Rac1 Bf6 18.b4 Nc7 19.Qb3 Qf5 20.Nd2 Nb5 21.Ne4 Rfe8 22.Qd5 Qg6
23.a4 Nc7 24.Qc4  1-0

[Event "TCh-FIN SM 2012-13"]
[Site "Sastamala FIN"]
[Date "2013.02.09"]
[Round "10.3"]
[White "Hentunen,A"]
[Black "Sisatto,O"]
[Result "1-0"]
[WhiteElo "2322"]
[BlackElo "2258"]

1.c4 e5 2.g3 c6 3.a3 d5 4.cxd5 cxd5 5.d4 exd4 6.Nf3 Qa5+ 7.Nbd2 Nc6 8.Bg2 g6
9.O-O Bg7 10.b4 Qb6 11.Nb3 Nge7 12.Bb2 Nf5 13.Qd3 O-O 14.Rfd1 Be6 15.Nfxd4 Ne5
16.Qc2 Rac8 17.Nc5 Nc4 18.Ndxe6 fxe6 19.Bxg7 Nxg7 20.e4 Nd6 21.exd5 e5 22.Qe2 Ngf5
23.Nd7 Qd8 24.Nxf8 Qxf8 25.Qxe5 Re8 26.Qf4 Qg7 27.Rac1 g5 28.Qd2 Nd4 29.Rc5 Ne2+
30.Kf1 b6 31.Rc6 Nb5 32.Re6 Rxe6 33.dxe6 Nbd4 34.Qxe2  1-0

[Event "e2e4 Torquay Open"]
[Site "Torquay ENG"]
[Date "2013.02.10"]
[Round "5"]
[White "Wells,Jonathan C"]
[Black "Homer,S"]
[Result "1/2-1/2"]
[WhiteElo "2024"]
[BlackElo "2172"]

1.c4 e5 2.g3 Nf6 3.Bg2 d5 4.cxd5 Nxd5 5.Nc3 Nb6 6.Nf3 Nc6 7.a3 Be7 8.b4 Be6
9.Rb1 a6 10.d3 f6 11.O-O O-O 12.Bb2 Qd7 13.Qc2 g5 14.Ne4 Bd5 15.Nc5 Bxc5
16.bxc5 Nc8 17.Rfd1 Qf7 18.Bc3 N8e7 19.e4  1/2-1/2

[Event "17th Lienz Open 2013"]
[Site "Lienz AUT"]
[Date "2013.02.12"]
[Round "5.1"]
[White "Jovanovic,Zo CRO"]
[Black "Sedlak,N"]
[Result "1/2-1/2"]
[WhiteElo "2518"]
[BlackElo "2573"]

1.c4 e5 2.g3 Nc6 3.Bg2 f5 4.Nc3 Nf6 5.e3 d5 6.cxd5 Nb4 7.d3 Nfxd5 8.Nxd5 Nxd5
9.Ne2 Bb4+ 10.Bd2 Bxd2+ 11.Qxd2 O-O  1/2-1/2

[Event "TCh-CZE Extraliga 2012-13"]
[Site "Czech Republic CZE"]
[Date "2013.02.16"]
[Round "5.1"]
[White "Mista,A"]
[Black "Vitiugov,N"]
[Result "1/2-1/2"]
[WhiteElo "2562"]
[BlackElo "2700"]

1.c4 e5 2.g3 Nf6 3.Bg2 Bc5 4.Nc3 c6 5.e3 d5 6.cxd5 Nxd5 7.Nxd5 cxd5 8.d4 exd4
9.exd4 Bb6 10.Ne2 O-O 11.O-O Nc6 12.Be3 Bg4 13.h3 Bxe2 14.Qxe2 Nxd4 15.Qd2 Nc6
16.Bxb6 Qxb6 17.Qxd5  1/2-1/2

[Event "TCh-NED Meesterklasse 2012-13"]
[Site "Netherland NED"]
[Date "2013.02.16"]
[Round "6.10"]
[White "Haast,M"]
[Black "Goossens,E"]
[Result "1-0"]
[WhiteElo "2278"]
[BlackElo "2187"]

1.c4 e5 2.g3 Nc6 3.Nc3 Bc5 4.a3 a5 5.e3 d6 6.Nge2 Nge7 7.Bg2 Ba7 8.O-O O-O
9.b3 Bf5 10.d4 exd4 11.Nxd4 Nxd4 12.exd4 c6 13.d5 Qd7 14.Bf4 Rad8 15.Re1 Ng6
16.Be3 Bg4 17.Qd2 Bxe3 18.Rxe3 Rfe8 19.Rae1 Re5 20.f4 Rxe3 21.Qxe3 Qc7 22.h3 Bd7
23.Qf2 cxd5 24.Nxd5 Qc5 25.Qxc5 dxc5 26.Rd1 Rb8 27.Nf6+ gxf6 28.Rxd7 Nf8
29.Rxb7 Rxb7 30.Bxb7 Ne6 31.Bf3 Nd4 32.Bd1 Nf5 33.Kf2 h6 34.g4 Nd6 35.Ke3 Kf8
36.Kd3 Ke7 37.Bf3 Kf8 38.b4 axb4 39.axb4 cxb4 40.c5 Ne8 41.Kc4 Nc7 42.f5 Ke7
43.Kxb4 Kd7 44.Ka5 Kc8 45.Kb6 Kd7 46.Kb7 Kd8 47.Bc6  1-0

[Event "TCh-NED Meesterklasse 2012-13"]
[Site "Netherland NED"]
[Date "2013.02.16"]
[Round "6.10"]
[White "Bus,T"]
[Black "Peng Zhaoqin"]
[Result "1/2-1/2"]
[WhiteElo "2132"]
[BlackElo "2411"]

1.c4 e5 2.g3 Nf6 3.Bg2 Nc6 4.Nc3 Bb4 5.Nd5 O-O 6.Nf3 Re8 7.O-O e4 8.Ne1 d6
9.d3 Bxe1 10.Rxe1 exd3 11.Bg5 dxe2 12.Rxe2 Rxe2 13.Qxe2 Ne5 14.Bxf6 gxf6
15.f4 Ng6 16.Re1 Bd7 17.b3 c6 18.Nc3 f5 19.Qd2 Qb6+ 20.Kf1 Be6 21.h4 h6 22.h5 Nf8
23.Na4 Qc7 24.Rd1 Nd7 25.Qxd6 Qxd6 26.Rxd6 Kf8 27.Rd2 Ke7 28.Bf3 Rc8 29.Kf2 b5  1/2-1/2

[Event "ch-ROU 2013"]
[Site "Baile Olanesti ROU"]
[Date "2013.02.17"]
[Round "2.48"]
[White "Nastase,S"]
[Black "Mongescu,Victor"]
[Result "0-1"]
[WhiteElo "1938"]
[BlackElo "1704"]

1.c4 e5 2.g3 Nf6 3.Bg2 Bc5 4.Nc3 d6 5.e3 Nc6 6.Nge2 O-O 7.O-O Bf5 8.d4 Bb4
9.a3 Bxc3 10.Nxc3 Rb8 11.b4 exd4 12.exd4 Re8 13.Bg5 h6 14.Be3 Qd7 15.Re1 Ng4
16.Qd2 Nxe3 17.fxe3 Bh3 18.Bh1 Ne7 19.e4 Ng6 20.Re3 Re6 21.Qe2 Rbe8 22.Re1 c6
23.Nd1 f5 24.Nf2 f4 25.Rc3 Rf6 26.g4 f3 27.Bxf3 Nf4 28.Qd1 Rg6 29.Nxh3 Nxh3+
30.Kg2 Nf4+ 31.Kh1 Rf8 32.Rg1 Nh3 33.Rg2 Rgf6 34.Qe2 Nf4 35.Qf2 Nxg2 36.Qxg2 Qf7  0-1

[Event "ch-ROU 2013"]
[Site "Baile Olanesti ROU"]
[Date "2013.02.19"]
[Round "5.7"]
[White "Doncea,V"]
[Black "Lupu,O"]
[Result "1-0"]
[WhiteElo "2431"]
[BlackElo "2265"]

1.c4 e5 2.g3 Nf6 3.Bg2 d5 4.cxd5 Nxd5 5.Nc3 Nb6 6.Nf3 Nc6 7.O-O Be7 8.Rb1 O-O
9.b4 a6 10.b5 axb5 11.Rxb5 Be6 12.Nxe5 Nxe5 13.Rxe5 c6 14.Re4 Nd5 15.Bb2 Nxc3
16.Bxc3 Bxa2 17.Qc2 Bf6 18.Rb4 Bxc3 19.dxc3 Qe7 20.Qb2 Qc5 21.Ra1 Bd5 22.Rxa8 Rxa8
23.Rxb7 h6 24.Rb8+ Rxb8 25.Qxb8+ Kh7 26.Qb4 Qa7 27.Bxd5 Qa1+ 28.Kg2 cxd5
29.e4 Qa8 30.Kf3 g6 31.Qd4 dxe4+ 32.Qxe4 Qc8 33.c4 Qh3 34.Ke3 Qf1 35.Qc2 Qe1+
36.Kd3 Qe5 37.h4 Kg8 38.Qc3 Qf5+ 39.Ke3 Qe6+ 40.Kd2 Qf5 41.Qd4 Qa5+ 42.Ke2 Qa2+
43.Kf3 Qb3+ 44.Kg2 h5 45.Qe4 Qa4 46.Qd5 Qb3 47.Qa8+ Kg7 48.c5 Qc4 49.Qc6 Qd4
50.Kg1 Qa1+ 51.Kh2 Qd4 52.Kg2 Kf8 53.Qa8+ Kg7 54.Qa3 Qd5+ 55.Kg1 Qd1+ 56.Kh2 Qc2
57.Qa1+ Kf8 58.Qd4 Ke8 59.Kg2 Qf5 60.Kf1 Qe6 61.Qd3 Ke7 62.Qd4 Qa6+ 63.Ke1 Qa5+
64.Ke2 Qa6+ 65.Kf3 Ke6 66.Qe4+ Kd7 67.Qd5+ Ke7 68.Qe5+ Kd7 69.Qd4+ Ke7 70.Kf4 f6
71.Qe4+ Kf7 72.Qd5+ Ke7 73.Kf3 Qa3+ 74.Kg2 Qa6 75.c6 Qc8 76.Qc5+ Ke6 77.Qb6 Ke7
78.Kh2 Qf5 79.Kg1 g5 80.Qc7+ Ke8 81.Qb8+  1-0

[Event "24th Metropolitan GM"]
[Site "Los Angeles USA"]
[Date "2013.02.21"]
[Round "3"]
[White "Molner,M"]
[Black "Kretchetov,A"]
[Result "1-0"]
[WhiteElo "2459"]
[BlackElo "2276"]

1.c4 e5 2.g3 Nc6 3.Nc3 d6 4.Bg2 Be6 5.d3 Qd7 6.b4 g6 7.b5 Nd8 8.Nf3 h6 9.a4 Bg7
10.Ba3 f5 11.Rc1 Ne7 12.O-O O-O 13.Nd2 g5 14.c5 Ng6 15.cxd6 cxd6 16.Nd5 Rc8
17.Rxc8 Qxc8 18.Bxd6 Rf7 19.Nc4 e4 20.b6 Bxd5 21.bxa7 Bxc4 22.Bb8 Nc6 23.a8=Q Ba6
24.dxe4 f4 25.e5 Nge7 26.Qc2 Bxe5 27.Bxc6 Nxc6 28.Qxa6 bxa6 29.Bxe5 Qe6 30.Ba1 Rd7
31.Rd1 Rxd1+ 32.Qxd1 Kf7 33.Qd3 Nb4 34.Qh7+ Ke8 35.Qh8+ Kd7 36.Qg7+ Kc8 37.Qe5 Kd7
38.Qg7+ Ke8 39.Qe5 Kd7 40.Qd4+ Nd5 41.Bc3 Kc6 42.Qc4+ Kd7 43.Bd2 Ke7 44.Qd4 Kd6
45.gxf4 Qg4+ 46.Kf1 Qh3+ 47.Ke1 Qg2 48.e4 Qg1+ 49.Ke2 Qg4+ 50.Kd3 Qh3+ 51.Kc2 Qc8+
52.Kb1  1-0

[Event "ch-Central Serbia 2013"]
[Site "Pozarevac SRB"]
[Date "2013.02.21"]
[Round "5.15"]
[White "Radosavljevic,SD"]
[Black "Simic,V"]
[Result "1-0"]
[WhiteElo "2182"]
[BlackElo "2080"]

1.c4 e5 2.g3 Nc6 3.Bg2 f5 4.Nc3 Nf6 5.e3 e4 6.d3 Bb4 7.Ne2 Ne5 8.dxe4 fxe4
9.O-O Nf3+ 10.Kh1 Qe7 11.Nxe4 Nxe4 12.Bxf3 Rf8 13.Nf4 c6 14.Kg1 d6 15.Bg2 Bf5
16.Qa4 Bc5 17.b4 Bb6 18.Nd5 Qd8 19.Bb2 Kf7 20.Nxb6 axb6 21.Qd1 Kg8 22.Qd4 Nf6
23.Rfd1 Ne8 24.c5 bxc5 25.bxc5 d5 26.e4 Bg4 27.Rd2 Be6 28.f4 Qa5 29.exd5 Rd8
30.Re1 Rf6 31.Qc3 Qxc3 32.Bxc3 Bxd5 33.Bxd5+ cxd5 34.Bxf6 Nxf6 35.Re7 Rc8
36.Rb2 Rxc5 37.Rbxb7 Rc1+ 38.Kg2 Rc2+ 39.Kf3 Rc3+ 40.Ke2 Kf8 41.Rf7+ Ke8
42.Rfc7 Rxc7 43.Rxc7 g6 44.a4  1-0

[Event "ch-Central Serbia 2013"]
[Site "Pozarevac SRB"]
[Date "2013.02.22"]
[Round "7.10"]
[White "Madjar,S"]
[Black "Zajic,Milan"]
[Result "0-1"]
[WhiteElo "2170"]
[BlackElo "2245"]

1.c4 e5 2.g3 Nf6 3.Bg2 d5 4.cxd5 Nxd5 5.Nf3 Nc6 6.O-O Nb6 7.b3 Be6 8.Bb2 f6
9.d4 e4 10.Ne1 f5 11.f3 exf3 12.Nxf3 Be7 13.d5 Nxd5 14.Bxg7 Rg8 15.Bb2 f4
16.Nd4 Ne3 17.Qd3 Nxd4 18.Bxd4 Nxg2 19.Kxg2 Qd5+ 20.Rf3 Bg4 21.Nc3 Bxf3+
22.exf3 Qd7 23.Qe4 O-O-O 24.Bxa7 fxg3 25.hxg3 Bd6 26.Bf2 Qg7 27.Qg4+ Qxg4
28.fxg4 Be5 29.Rc1 Rxg4 30.Ne2 Rd2 31.Kf3 Rg7 32.Rc5 Rf7+ 33.Ke3 Rxe2+  0-1

[Event "ch-ROU w 2013"]
[Site "Baile Olanesti ROU"]
[Date "2013.02.23"]
[Round "8.7"]
[White "Lolici,I"]
[Black "Mathe,K"]
[Result "1/2-1/2"]
[WhiteElo "1964"]
[BlackElo "1989"]

1.c4 e5 2.g3 g6 3.Bg2 Bg7 4.Nc3 Nc6 5.e4 Nge7 6.Nge2 d6 7.d3 Be6 8.Be3 Qd7
9.Nd5 Nd4 10.Nxd4 exd4 11.Bh6 Kf8 12.Qd2 Ng8 13.Bxg7+ Kxg7 14.Nf4 Nh6 15.Nh5+ gxh5
16.Qg5+ Kf8 17.Qxh6+ Ke7 18.Qxh5 f6 19.Qh6 Rag8 20.Qd2 b6 21.f4 Bh3 22.O-O-O Kd8
23.f5 Bxg2 24.Qxg2 Qc6 25.Qf2 Qc5 26.a3 a5 27.Rd2 b5 28.b4 Qa7 29.bxa5 Kd7
30.Kd1 bxc4 31.dxc4 c5 32.Ke2 Rb8 33.Qf3 Qxa5 34.Qh5 Qxa3 35.Qf7+ Kc6 36.Qd5+ Kd7
37.Qf7+  1/2-1/2

[Event "ch-ROU 2013"]
[Site "Baile Olanesti ROU"]
[Date "2013.02.23"]
[Round "10.18"]
[White "Vladescu,F"]
[Black "Ifrim,S"]
[Result "1/2-1/2"]
[WhiteElo "2225"]
[BlackElo "2138"]

1.c4 e5 2.g3 Nf6 3.Bg2 d5 4.cxd5 Nxd5 5.Nc3 Nb6 6.Nf3 Nc6 7.O-O Be7 8.d3 g5
9.Be3 f5 10.Rc1 Be6 11.a3 g4 12.Nd2 Qd7 13.Na4 Bd5 14.Nc5 Bxc5 15.Bxc5 Bxg2
16.Kxg2 O-O-O 17.b4 Kb8 18.Nc4 Qd5+ 19.Kg1 f4 20.Nd2 h5 21.Qb3 Qd7 22.b5 Nd4
23.Bxd4 Qxd4 24.Qc3 fxg3 25.hxg3 Qd6 26.Ne4 Qe7 27.Qc5 Qg7 28.Kg2 h4 29.Rh1 Nd5
30.Rxh4 Rxh4 31.gxh4 Qh6 32.Rh1 b6 33.Qc6 Qf8 34.Qc1 Nf4+ 35.Kf1 Nxe2 36.Qg5 Rxd3
37.Qxg4 Rd1+ 38.Kg2 Nf4+ 39.Kh2 Rxh1+ 40.Kxh1 Qxa3 41.h5 Qc1+ 42.Kh2 Nxh5
43.Qg8+  1/2-1/2

[Event "33rd TCh-IND 2013"]
[Site "Hyderabad IND"]
[Date "2013.02.23"]
[Round "4.2"]
[White "Bakre,T"]
[Black "Laxman,R"]
[Result "1/2-1/2"]
[WhiteElo "2492"]
[BlackElo "2443"]

1.c4 e5 2.g3 Nc6 3.Bg2 d6 4.Nc3 Be6 5.d3 Qd7 6.b4 g6 7.b5 Nd8 8.Bg5 f6 9.Bd2 Bg7
10.Nf3 Ne7 11.O-O O-O 12.a4 d5 13.cxd5 Nxd5 14.Ne4 b6 15.Qc2 Rc8  1/2-1/2

[Event "TCh-CZE Div1 Vychod 2012-13"]
[Site "Czech Republic CZE"]
[Date "2013.02.24"]
[Round "8.3"]
[White "Zwardon,V"]
[Black "Chytilek,R"]
[Result "1/2-1/2"]
[WhiteElo "2408"]
[BlackElo "2397"]

1.c4 e5 2.g3 Nf6 3.Bg2 c6 4.d4 Bb4+ 5.Nc3 e4 6.Qb3 Bxc3+ 7.bxc3 O-O 8.Ba3 d6
9.Qb4 c5 10.dxc5 Na6 11.Qb5 Nxc5 12.Bxc5 dxc5 13.Qxc5 Be6 14.f3 Qc8 15.Qxc8 Raxc8
16.fxe4 Rxc4 17.e5 Nd5 18.Nf3 Ne3 19.Kf2 Nxg2 20.Kxg2 Rxc3 21.a4 h6 22.Rhd1 Re8
23.Rac1 Rxc1 24.Rxc1 Rc8 25.Rxc8+ Bxc8 26.Nd4 a5 27.Nb5 Bd7 28.Nc3 Kf8 29.Kf3 Bc6+
30.Ke3 Ke7 31.Kd4 Ke6 32.Ne4 Bxe4 33.Kxe4 Kd7 34.Kd5 Kc7 35.e4 b6 36.g4 Kd7
37.Kd4 g6 38.Kd5 Kc7 39.e6 fxe6+ 40.Kxe6 b5 41.Kf7 bxa4 42.e5 a3 43.e6 a2
44.e7 a1=Q 45.e8=Q Qd4 46.Qa8 Qb6 47.h4 g5 48.hxg5 hxg5 49.Qd5 a4 50.Qxg5 Qb3+
51.Kf8 Qb4+ 52.Kf7 a3 53.Qe5+ Kb6 54.g5 Qb3+ 55.Kf8 Qb4+ 56.Kf7 Qb3+  1/2-1/2

[Event "Zagreb Open A 2013"]
[Site "Zagreb CRO"]
[Date "2013.03.01"]
[Round "5.10"]
[White "Kovacevic,Bl"]
[Black "Draganic,S"]
[Result "1-0"]
[WhiteElo "2436"]
[BlackElo "2189"]

1.c4 e5 2.g3 Nc6 3.Bg2 Nf6 4.Nc3 Bb4 5.Nd5 Bc5 6.Nf3 d6 7.O-O Nxd5 8.cxd5 Nd4
9.Nxd4 Bxd4 10.e3 Bb6 11.f4 Qe7 12.f5 Qg5 13.Be4 h5 14.Qf3 Bd7 15.h4 Qf6
16.b3 O-O-O 17.Bb2 Rdf8 18.Rf2 Qh6 19.a4 g5 20.Rh2 Rfg8 21.Kf2 gxh4 22.Rxh4 Rg5
23.Rah1 f6 24.Bc3 a5 25.Ke2 Qg7 26.g4 Be8 27.Kd3 Bf7 28.Kc2 Qg8 29.gxh5 c6
30.dxc6 Bxb3+ 31.Kb2 d5 32.cxb7+ Kb8 33.Bd3 e4 34.Rxe4 dxe4 35.Bxe4 Rg3 36.Qf1 Bc4
37.Qa1 Bd5 38.Rh4 Bxe4 39.Rxe4 Rxh5 40.Re6 Qd8 41.Qf1 Kxb7 42.Qf4 Rgg5 43.Qe4+ Ka6
44.Re7 Qxe7 45.Qxe7 Rxf5 46.Bxf6 Rf2 47.Bc3 Rhh2 48.Qd7 Re2 49.Kb3 Re1 50.Be5  1-0

[Event "TCh-CAT Div Hon 2013"]
[Site "Catalonia ESP"]
[Date "2013.03.02"]
[Round "7.8"]
[White "Gomez Jurado,L"]
[Black "Fernandez Lopez,Jo"]
[Result "1-0"]
[WhiteElo "2255"]
[BlackElo "2115"]

1.c4 e5 2.g3 f5 3.Nf3 d6 4.d4 e4 5.Nh4 Nf6 6.Nc3 Be7 7.Ng2 c6 8.Nf4 Na6 9.h4 Nc7
10.e3 Ne6 11.d5 Nxf4 12.gxf4 c5 13.h5 Bd7 14.Bd2 Qc7 15.a4 O-O-O 16.Nb5 Bxb5
17.axb5 b6 18.Ra6 g6 19.Bc3 Rhg8 20.hxg6 hxg6 21.Qa4 Kb8 22.Be2 g5 23.b4 cxb4
24.Bd4 Nd7 25.Qxb4 gxf4 26.exf4 Bf6 27.Be3 Nc5 28.Ra3 Qg7 29.Kd2 Rd7 30.Rh5 Qg6
31.Qb1 Rc7 32.Qh1 Qg7 33.Rxf5 Bb2 34.Rg5 Qf8 35.Rxg8 Qxg8 36.Bxc5 Rxc5 37.Rg3 Qe8
38.Qh7 Rc8 39.Bg4 Rxc4 40.Bd7 e3+ 41.fxe3 Qe4 42.Rg8+ Kc7 43.Bf5+  1-0

[Event "TCh-ISL 2012-13"]
[Site "Reykjavik ISL"]
[Date "2013.03.02"]
[Round "6.8"]
[White "Karlsson,MiJ"]
[Black "Gunnlaugsson,G"]
[Result "1-0"]
[WhiteElo "2020"]
[BlackElo "1834"]

1.c4 e5 2.g3 Nf6 3.Bg2 Be7 4.Nf3 d6 5.Nc3 Nc6 6.d4 exd4 7.Nxd4 Nxd4 8.Qxd4 O-O
9.O-O h6 10.b3 Re8 11.Bb2 c6 12.Rad1 Bf5 13.e4 Be6 14.Rfe1 Qb6 15.Ne2 Qxd4
16.Nxd4 Rad8 17.h3 Nh7 18.Ba3 Bf8 19.f4 g6 20.Re2 Bc8 21.Kf2 a6 22.g4 Be7
23.Bf3 f6 24.Red2 Nf8 25.f5 Kf7 26.Ne2 c5 27.Nf4 b5 28.Nd5 Rd7 29.cxb5 axb5
30.Be2 Ra7 31.Bc1 Bd7 32.Nc3 Rb8 33.Rc2 g5 34.Be3 Bc6 35.Bf3 Nd7 36.Nd5 Bxd5
37.Rxd5 Ne5 38.Be2 Nc6 39.Rdd2 Nb4 40.Rb2 Nc6 41.b4 Ra4 42.bxc5  1-0

[Event "2nd Adriatico Open A"]
[Site "Montesilvano ITA"]
[Date "2013.03.03"]
[Round "4.6"]
[White "Napoli,N"]
[Black "Lodici,Lorenzo"]
[Result "1-0"]
[WhiteElo "2281"]
[BlackElo "2042"]

1.c4 e5 2.g3 c6 3.Bg2 d5 4.cxd5 cxd5 5.d4 e4 6.Nc3 h6 7.Qb3 Nf6 8.Bf4 Nc6
9.Be5 Bb4 10.Bxf6 Qxf6 11.e3 Be6 12.Ne2 O-O 13.O-O Rfd8 14.Nf4 Bxc3 15.Qxc3 g5
16.Nxe6 Qxe6 17.f3 f5 18.Qb3 Na5 19.Qc3 Nc6 20.Kh1 Rac8 21.fxe4 fxe4 22.Rac1 Ne5
23.Qa5 Nc4 24.Qc3 b6 25.Rfd1 g4 26.Bf1 Ne5 27.Qa3 Nf3 28.Qxa7 h5 29.Ba6 Ra8
30.Qc7 Qf7 31.Qxb6 Rdb8 32.Qc6 Rxa6 33.Qxa6 Nxh2 34.Rf1 Nf3 35.Rc8+ Rxc8
36.Qxc8+ Kh7 37.Rc1 Kg6 38.Rc7  1-0

[Event "45th Belgrade WGM"]
[Site "Belgrade SRB"]
[Date "2013.03.07"]
[Round "6"]
[White "Voiska,M"]
[Black "Chelushkina,I"]
[Result "0-1"]
[WhiteElo "2289"]
[BlackElo "2281"]

1.c4 e5 2.g3 c6 3.Bg2 Nf6 4.Nc3 d6 5.e4 Be6 6.d3 Be7 7.Nge2 O-O 8.h3 d5 9.exd5 cxd5
10.Bg5 dxc4 11.Bxf6 gxf6 12.dxc4 Nc6 13.b3 Qc8 14.g4 f5 15.gxf5 Bxf5 16.Nd5 Bb4+
17.Kf1 Bc5 18.Qd2 Bg6 19.b4 Nxb4 20.Nxb4 Qf5 21.Ng3 Qf4 22.Qe1 Qxc4+ 23.Kg1 Bxb4
24.Qxe5 Rfe8 25.Qd5 b5 26.h4 h5 27.Nxh5 Qc3 28.Kh2 Bxh5  0-1

[Event "Jersey Masters 2013"]
[Site "St Clement Bay JCI"]
[Date "2013.03.08"]
[Round "4"]
[White "Stone,A ENG"]
[Black "Pleasants,A"]
[Result "1/2-1/2"]
[WhiteElo "2196"]
[BlackElo "2039"]

1.c4 e5 2.g3 Nf6 3.Bg2 h6 4.b3 Bc5 5.Bb2 O-O 6.e3 Re8 7.Ne2 d5 8.cxd5 Nxd5
9.a3 Nc6 10.O-O Bf8 11.Nbc3 Be6 12.f4 exf4 13.gxf4 Nxc3 14.Nxc3 Na5 15.b4 Nb3
16.Bxb7 Nxa1 17.Bxa8 Qxa8 18.Bxa1 a5 19.f5 Bc4 20.Rf4 Bd3 21.f6 g6 22.Rd4 axb4
23.axb4 Rd8 24.Rxd8 Qxd8 25.b5 Bb4 26.Qf3 Bxc3 27.Bxc3 Bxb5  1/2-1/2

[Event "TCh-AUT 2 East 2012-13"]
[Site "Austria AUT"]
[Date "2013.03.09"]
[Round "8.2"]
[White "Wagner,Stef AUT"]
[Black "Hagara,E"]
[Result "0-1"]
[WhiteElo "2178"]
[BlackElo "2410"]

1.c4 e5 2.g3 Nc6 3.Bg2 g6 4.Nc3 Bg7 5.e4 d6 6.Nge2 Be6 7.d3 Qd7 8.O-O Nh6
9.Nd5 Ng4 10.h3 Nf6 11.Bh6 O-O 12.Nxf6+ Bxf6 13.Bxf8 Rxf8 14.Kh2 a6 15.Qd2 b5
16.f4 exf4 17.gxf4 Ne7 18.Rac1 Bg7 19.b3 f5 20.Qe3 c5 21.d4 fxe4 22.dxc5 bxc4
23.cxd6 Nf5 24.Qxe4 Nxd6 25.Qe3 Nf5 26.Qb6 cxb3 27.axb3 Bf7 28.Rfd1 Qe7 29.Rd2 Qh4
30.Bd5 Bxd5 31.Rxd5 Kh8 32.Qg1 Re8 33.Rd2 Bh6 34.Rf1 Rxe2+ 35.Rxe2 Bxf4+
36.Rxf4 Qxf4+ 37.Kg2 Nh4+ 38.Kh1 Qf3+ 39.Rg2 Qxh3+  0-1

[Event "47th Begonia Open"]
[Site "Ballarat AUS"]
[Date "2013.03.09"]
[Round "1"]
[White "Kerr,B"]
[Black "Tsagarakis,A"]
[Result "0-1"]
[WhiteElo "2004"]
[BlackElo "1853"]

1.c4 e5 2.g3 c6 3.d4 e4 4.Bg2 f5 5.Nc3 Nf6 6.Bg5 Be7 7.e3 Na6 8.Nge2 O-O
9.h4 Nb4 10.Nc1 Qe8 11.a3 Na6 12.b4 Qf7 13.Bf1 Nc7 14.Nb3 Ne6 15.Bxf6 Bxf6
16.c5 b6 17.Rc1 bxc5 18.dxc5 g6 19.Na5 Qg7 20.Qd2 Nd8 21.Bc4+ Nf7 22.Ne2 Kh8
23.Bxf7 Qxf7 24.Nc4 Ba6 25.Nd6 Qb3 26.Nd4 Qxa3 27.b5 cxb5 28.O-O b4 29.Ra1 Qd3
30.Qxb4 Rab8 31.Qa4 Bxd4 32.exd4 Bb5 33.Nxb5 Rxb5 34.Rfd1 Qe2 35.d5 Kg8 36.Re1 Qd3
37.Rad1 Qb3 38.Qxa7 Rb7 39.Qa6 f4 40.gxf4 Rxf4 41.c6 Qf3 42.Rd2 Rxh4  0-1

[Event "13th European Seniors"]
[Site "Plovdiv BUL"]
[Date "2013.03.12"]
[Round "2"]
[White "Zachariassen,J"]
[Black "Mayer Schwartz,R"]
[Result "0-1"]
[WhiteElo "1911"]
[BlackElo "2066"]

1.c4 e5 2.g3 Nf6 3.Bg2 d5 4.cxd5 Nxd5 5.Nc3 Ne7 6.Nf3 Nbc6 7.O-O g6 8.d3 Bg7
9.Bd2 O-O 10.Rc1 h6 11.a3 Be6 12.b4 Nd4 13.Rb1 Nd5 14.Re1 Nxc3 15.Bxc3 Bd5
16.e4 Nxf3+ 17.Qxf3 Be6 18.Qe3 Qd6 19.b5 Rfd8 20.Bf1 Qxa3 21.Bb4 Qa4 22.Qc5 b6
23.Qc3 Rd4 24.Qc6 Rc8 25.Be7 Bd7 26.Qb7 Re8 27.Ra1 Qxb5 28.Ba3 Bc6  0-1

[Event "81st ch-St Petersburg w"]
[Site "St Petersburg RUS"]
[Date "2013.03.12"]
[Round "2"]
[White "Tskhadadze,A"]
[Black "Korchagina,V"]
[Result "0-1"]
[WhiteElo "1824"]
[BlackElo "2030"]

1.c4 e5 2.g3 Nc6 3.Bg2 f5 4.Nc3 Nf6 5.d3 g6 6.Bg5 Bg7 7.Nf3 d6 8.Nd5 O-O
9.O-O Ne7 10.Nxf6+ Bxf6 11.Bxf6 Rxf6 12.c5 Kg7 13.cxd6 cxd6 14.Rc1 Qb6 15.Qd2 Be6
16.b3 Raf8 17.Rc2 Nc6 18.Ng5 Nd4 19.Nxe6+ Nxe6 20.Rc4 R8f7 21.Rfc1 f4 22.g4 f3
23.Bxf3 Nd4 24.Qe3 Nxf3+ 25.exf3 Rxf3 26.Qxb6 axb6 27.Rc7 Rxf2 28.Rxb7 Rxa2
29.Rcc7 Rxc7 30.Rxc7+ Kf6 31.Rc6 Kg5 32.Rxd6 Kxg4 33.Rxb6 Rd2 34.Re6 Kf5
35.Rd6 h5 36.b4 h4 37.h3 g5 38.b5 Rb2 39.b6 Kf4 40.Rg6 Rb3 41.Kg2 Rxd3 42.Rf6+ Ke4
43.Rg6 Rd2+ 44.Kg1 Kf4 45.b7 Rb2 46.Rg7 e4 47.Kf1 Kf3 48.b8=Q Rxb8 49.Rf7+ Kg3  0-1

[Event "13th European Seniors"]
[Site "Plovdiv BUL"]
[Date "2013.03.13"]
[Round "3"]
[White "Giulian,P"]
[Black "Ljangov,P"]
[Result "0-1"]
[WhiteElo "2251"]
[BlackElo "2059"]

1.c4 e5 2.g3 Nf6 3.Bg2 Nc6 4.Nc3 g6 5.e4 Bg7 6.Nge2 O-O 7.d3 d6 8.O-O Nd7
9.Be3 a6 10.Nd5 Nd4 11.Nxd4 exd4 12.Bd2 c6 13.Nf4 Ne5 14.Qc2 Bg4 15.f3 Bd7
16.h3 Kh8 17.Ne2 c5 18.f4 Nc6 19.g4 b5 20.Rae1 bxc4 21.dxc4 Rb8 22.Nc1 Nb4
23.Bxb4 Rxb4 24.Nd3 Rb8 25.e5 Qc7 26.f5 gxf5 27.exd6 Qxd6 28.gxf5 Rbe8 29.Rxe8 Rxe8
30.Re1 Rxe1+ 31.Nxe1 Qg3 32.Qe4 Qe3+ 33.Kf1 Qxe4 34.Bxe4 Be5 35.Nd3 Bd6 36.Kg2 Kg7
37.f6+ Kxf6 38.Bxh7 Kg5 39.Bg8 Be6 40.b4 cxb4 41.c5 Be7 42.Nxb4 Bxc5 43.Nd3 Bd6
44.Kf3 Bd5+  0-1

[Event "81st ch-St Petersburg w"]
[Site "St Petersburg RUS"]
[Date "2013.03.13"]
[Round "3"]
[White "Chernyak,Viktoria"]
[Black "Klevets,Ksenia"]
[Result "1/2-1/2"]
[WhiteElo "1968"]
[BlackElo "1891"]

1.c4 e5 2.g3 Nf6 3.Bg2 d5 4.cxd5 Nxd5 5.Nc3 Nb6 6.Nf3 Nc6 7.Rb1 Be7 8.b4 Nxb4
9.Nxe5 Bf5 10.e4 Qd4 11.O-O Be6 12.Nf3 Qd3 13.a4 O-O 14.Ba3 a5 15.Ne5 Qd4
16.Nf3 Qd3 17.Re1 Nc4 18.Bf1 Qd8 19.Bxc4 Bxc4 20.d4 Be6 21.Qd2 f5 22.Ne5 fxe4
23.Nxe4 Bd5 24.Nc3 Bf7 25.Ne4 Bd5 26.Qe2 Re8 27.Nc3 c6 28.Qd2 Bf8 29.Re2 Qd6
30.Rbe1 Red8 31.Qe3 c5 32.dxc5 Qxc5 33.Nxd5 Qxd5 34.Bb2 Rac8 35.Qf4 Rc2 36.Rxc2 Nxc2
37.Rc1 Nd4 38.Bxd4 Qxd4 39.Qf7+ Kh8 40.Qh5 Qd5 41.Qg5 Kg8 42.Qh5  1/2-1/2

[Event "13th European Seniors"]
[Site "Plovdiv BUL"]
[Date "2013.03.14"]
[Round "4"]
[White "Raicevic,M"]
[Black "Angelov,K"]
[Result "1/2-1/2"]
[WhiteElo "2370"]
[BlackElo "2206"]

1.c4 e5 2.g3 Nc6 3.Bg2 d6 4.Nc3 Be6 5.Nd5 Qd7 6.e3 g6 7.Ne2 Nd8 8.b3 c6 9.Ndc3 Bh3
10.O-O h5 11.f3 Bg7 12.Bxh3 Qxh3 13.Ne4 d5 14.cxd5 cxd5 15.Nf2 Qf5 16.Nc3 Ne7
17.Ba3 Ndc6 18.Rc1 O-O 19.Nxd5 Nxd5 20.Bxf8 Rxf8 21.e4 Qe6 22.exd5 Qxd5 23.Ne4 Rd8
24.Qe2 f5 25.Nc5 Nd4 26.Qc4 Qxc4 27.Rxc4 b5 28.Nb7 bxc4 29.Nxd8 cxb3 30.axb3 Nxb3
31.Rb1 Nxd2 32.Rb8 Nxf3+ 33.Kg2 Nd4 34.Nc6+ Kh7 35.Nxa7 g5 36.Nc8 e4 37.Nd6 Be5
38.Rb7+ Kg6 39.Nc4 Bf6 40.Nd6 Be5 41.Rb6 Kg7 42.Kf2 Bxd6 43.Rxd6 Nf3 44.h3 h4
45.g4 fxg4 46.hxg4 Ne5 47.Re6 Nxg4+ 48.Kg2 Nf6 49.Kh3 Kg6 50.Re5 Kh5 51.Rf5 Ng4
52.Rf8 Ne5 53.Re8 Nd3 54.Kh2 Nf4 55.Rxe4 Kg4  1/2-1/2

[Event "TCh-CZE Div1 Vychod 2012-13"]
[Site "Czech Republic CZE"]
[Date "2013.03.17"]
[Round "9.7"]
[White "Turner,R"]
[Black "Holeksa,Z"]
[Result "1/2-1/2"]
[WhiteElo "2099"]
[BlackElo "2132"]

1.c4 e5 2.g3 Nf6 3.Bg2 d5 4.cxd5 Nxd5 5.Nf3 Nc6 6.O-O Be7 7.d4 e4 8.Ne5 Nxe5
9.dxe5 Bf5 10.Bxe4 Bxe4 11.Qa4+ c6 12.Qxe4 O-O 13.Nc3 Nxc3 14.bxc3 Qa5 15.Qc4 Qxe5
16.Rb1 Qc7 17.Bf4 Qc8 18.a4 b5 19.axb5 cxb5 20.Qxb5 Qxc3 21.Rfc1 Qa3 22.Rb3 Qa2
23.Rc7 Bd8 24.Rd7 Bb6 25.Bc7 Rac8 26.Bxb6 Rc1+ 27.Kg2 axb6 28.Rf3 Qe6 29.Rb7 Rc6
30.Re3 Qf6 31.Ree7 g6 32.Qb3 h5 33.h4 Rd6 34.e4 Rc6 35.e5 Qf5 36.Qf3 Qxf3+
37.Kxf3 Rcc8 38.Rxb6 Rfe8 39.Rxe8+ Rxe8 40.Kf4 Kg7 41.Rb7 Re6 42.Rd7 Ra6
43.Ke4 Ra2 44.f3 Re2+ 45.Kf4 Re1 46.Ra7 Re2 47.Ra4 Rb2 48.Kg5 Rb5 49.Kf4 Rb2
50.Re4 Rb6 51.g4 hxg4 52.Kxg4 f5+ 53.exf6+ Kxf6  1/2-1/2

[Event "TCh-SUI 2013"]
[Site "Switzerland SUI"]
[Date "2013.03.17"]
[Round "1.4"]
[White "Patuzzo,F"]
[Black "Gallagher,Jo"]
[Result "0-1"]
[WhiteElo "2297"]
[BlackElo "2507"]

1.c4 e5 2.g3 Nf6 3.Bg2 c6 4.d4 exd4 5.Qxd4 Na6 6.Nf3 Bc5 7.Qe5+ Be7 8.O-O O-O
9.Nc3 Re8 10.Qf4 Nc7 11.Rd1 d5 12.Nd4 Bd6 13.Qf3 Bg4 14.Qd3 c5 15.Nf5 d4
16.Nxd6 Qxd6 17.f3 Bd7 18.e4 Qa6 19.Nd5 Ncxd5 20.cxd5 Bb5 21.Qd2 Rad8 22.b3 h6
23.a4 Be2 24.Re1 d3 25.Bb2 Qb6 26.a5 Qxb3 27.Rec1 c4 28.Rab1 Qb5 29.Bd4 Qa6
30.Qc3 Nxd5 31.exd5 Rxd5 32.f4 Qxa5 33.Ra1 Qd8 34.Bxg7 d2 35.Bxh6 dxc1=Q+
36.Rxc1 Qb6+ 37.Kh1 Rd4 38.Re1 Qd6 39.f5 b5 40.Bg5 Rd1 41.Rg1 b4 42.Qb2 Rxg1+
43.Kxg1 Qd1+ 44.Kf2 Bd3 45.Be3 c3 46.Qc1 Qe2+ 47.Kg1 Qxe3+  0-1